¡Emigrantes...! / (Record no. 148745)

MARC details
000 -LEADER
campo de control de longitud fija 00508nam a2200169 4500
001 - NÚMERO DE CONTROL
campo de control 148745
003 - IDENTIFICADOR DE NÚMERO DE CONTROL
campo de control ES-MaACL
005 - FECHA Y HORA DE LA ÚLTIMA TRANSACCIÓN
campo de control 20230906202801.0
007 - CAMPO FIJO DE DESCRIPCIÓN FÍSICA--INFORMACIÓN GENERAL
campo de control de longitud fija t|
008 - DATOS DE LONGITUD FIJA--INFORMACIÓN GENERAL
campo de control de longitud fija 070214s1915 cu r ||||1| spa d
100 1# - ENTRADA PRINCIPAL--NOMBRE DE PERSONA
Nombre de persona Suárez, Constantino.
9 (RLIN) 108549
245 11 - MENCIÓN DEL TÍTULO
Título ¡Emigrantes...! /
Mención de responsabilidad, etc. Constantino Suárez ; proemio de Adelardo Novo.
260 ## - PUBLICACIÓN, DISTRIBUCIÓN, ETC.
Lugar de publicación, distribución, etc. La Habana :
Nombre del editor, distribuidor, etc. [s. n.],
Fecha de publicación, distribución, etc. 1915 (
Fabricante Avisador Comercial)
300 ## - DESCRIPCIÓN FÍSICA
Extensión X, 178 p. ;
Dimensiones 20 x 14 cm.
700 1# - ENTRADA AGREGADA--NOMBRE PERSONAL
Nombre de persona Novo, Adelardo.
9 (RLIN) 86081
852 ## - LOCALIZACIÓN
Ubicación ES-MaACL
Número de control de estantería F-7675
Holdings
Estatus retirado Estado de pérdida Estado de daño No para préstamo Biblioteca de origen Biblioteca actual Ubicación en estantería Fecha de adquisición Fuente de adquisición Total de préstamos Signatura topográfica completa Código de barras Visto por última vez Precio de reemplazo Tipo de ítem Koha
        Biblioteca del Ateneo de Madrid Biblioteca del Ateneo de Madrid Sala Pecera Planta 2 17/01/2008     F-7675 1155225 23/02/2023 23/02/2023 Libro impreso